Expresia a funkcia inzulínu podobných peptidov a ich receptora u kliešťov
Saved in:
| Main Author: | |
|---|---|
| Other Authors: | |
| Format: | Manuscript Book |
| Language: | Slovak |
| Published: |
2023
|
| Subjects: | |
| Online Access: | http://is.stuba.sk/zp/portal_zp.pl?podrobnosti=178383 |
| Tags: |
No Tags, Be the first to tag this record!
|
MARC
| LEADER | 00000ntm a22000003a 4500 | ||
|---|---|---|---|
| 001 | stuzp94634 | ||
| 003 | SK-STU | ||
| 005 | 20230909222720.9 | ||
| 007 | ta | ||
| 008 | 150427s2015----xo-----f-mn---000-0-slo-d | ||
| 040 | |a STU |b slo | ||
| 041 | 0 | |a slo | |
| 100 | 1 | |a Melcuchová, Slavomíra |u 043000 |4 aut |U FCHPT Fakulta chemickej a potravinárskej technológie |T FCHPT Ústav biochémie a mikrobiológie |X 97423 |U C3000 |Y 101 |7 97423 | |
| 242 | 0 | 1 | |a Expression and function of insulin-like peptides and their receptor in ticksborns |y eng |
| 245 | 1 | 0 | |a Expresia a funkcia inzulínu podobných peptidov a ich receptora u kliešťov |
| 260 | |c 2023 | ||
| 650 | 4 | |a peptidy podobné inzulínom |2 slo | |
| 650 | 4 | |a Ixodes ricinus |2 slo | |
| 650 | 4 | |a ILP4 |2 slo | |
| 650 | 4 | |a ILP5 |2 slo | |
| 650 | 4 | |a ILP |2 slo | |
| 650 | 4 | |a Ixodes scapularis |2 slo | |
| 650 | 4 | |a insulin-like peptides |2 eng | |
| 650 | 4 | |a Ixodes ricinus |2 eng | |
| 650 | 4 | |a ILP4 |2 eng | |
| 650 | 4 | |a ILP5 |2 eng | |
| 650 | 4 | |a ILP1 |2 eng | |
| 650 | 4 | |a Ixodes scapularis |2 eng | |
| 700 | 1 | |a Žitňan, Dušan |4 ths |X 78991 |7 78991 | |
| 856 | 4 | |u http://is.stuba.sk/zp/portal_zp.pl?podrobnosti=178383 | |